[Event "Gibtelecom Masters"]
[Site "Gibraltar"]
[Date "2008.01.26"]
[Round "5.85"]
[White "Aagedal, Geir Ole"]
[Black "Strand, Haakon"]
[Result "0-1"]
[WhiteElo "1839"]
[BlackElo "2045"]
[PlyCount "98"]
[EventDate "2008.01.22"]

1. c4 Nf6 2. Nc3 e6 3. g3 d5 4. cxd5 exd5 5. Bg2 Be7 6. d4 O-O 7. Nf3 c6 8. O-O
Bf5 9. Qb3 Qb6 10. Qd1 Nbd7 11. Nh4 Bg6 12. Nxg6 hxg6 13. Rb1 Bd6 14. a3 Qc7
15. Bg5 Rfe8 16. Qd3 Nb6 17. Rbc1 Qd7 18. f4 Nh7 19. e4 Nxg5 20. fxg5 dxe4 21.
Nxe4 Be5 22. Rcd1 Rad8 23. Kh1 Bxd4 24. Qf3 Qc7 25. b3 Be5 26. Rde1 Nd5 27. Re2
Re7 28. h4 Rde8 29. h5 gxh5 30. Qxh5 g6 31. Qf3 Bd4 32. Qd3 Bg7 33. Ref2 Be5
34. b4 Kg7 35. Nc5 Rh8+ 36. Kg1 f5 37. gxf6+ Nxf6 38. Rf3 Qd8 39. Qc4 Qd4+ 40.
Qxd4 Bxd4+ 41. R1f2 Bxf2+ 42. Rxf2 Re1+ 43. Bf1 Ng4 44. Rd2 Rf8 45. Rd7+ Kh6
46. Kg2 Rf2+ 47. Kh3 Kg5 48. Ne6+ Rxe6 49. Rd4 Rh2# 0-1

[Event "Gibtelecom Masters"]
[Site "Gibraltar"]
[Date "2008.01.26"]
[Round "5.86"]
[White "Lode, Marius"]
[Black "Haugstad, Espen"]
[Result "0-1"]
[WhiteElo "1822"]
[BlackElo "2042"]
[PlyCount "60"]
[EventDate "2008.01.22"]

1. e4 c5 2. Nf3 e6 3. d4 cxd4 4. Nxd4 a6 5. Be2 Nf6 6. Nc3 Nc6 7. O-O Qc7 8. a3
b5 9. Nxc6 dxc6 10. Be3 c5 11. Bf3 Bb7 12. Qe2 Bd6 13. h3 O-O 14. Rad1 Rfd8 15.
Bg5 Be5 16. g3 h6 17. Bxf6 Bxf6 18. Bg2 Bxc3 19. bxc3 Qa5 20. c4 b4 21. axb4
cxb4 22. Rb1 Bc6 23. Rfd1 Qc5 24. Rd3 e5 25. Rdb3 a5 26. c3 bxc3 27. Rxc3 Rd4
28. Kh2 a4 29. Kg1 Rad8 30. Qa2 Rd2 0-1

[Event "Gibtelecom Masters"]
[Site "Gibraltar"]
[Date "2008.01.26"]
[Round "5.87"]
[White "Jacobsen, Maria Pitz"]
[Black "Mortensen, Henrik"]
[Result "1/2-1/2"]
[WhiteElo "1799"]
[BlackElo "2034"]
[PlyCount "61"]
[EventDate "2008.01.22"]

1. e4 Nf6 2. e5 Nd5 3. d4 d6 4. Nf3 Bg4 5. Be2 c6 6. O-O Bxf3 7. Bxf3 dxe5 8.
dxe5 e6 9. c4 Ne7 10. Qxd8+ Kxd8 11. Bg5 Nd7 12. Bxe7+ Bxe7 13. Re1 Bc5 14. Nc3
Bd4 15. Rad1 Bxc3 16. bxc3 Kc7 17. Rd4 Nc5 18. Rf4 Rhf8 19. Rd1 Rad8 20. Rfd4
Rd7 21. Kf1 Rfd8 22. Ke1 Na4 23. Rxd7+ Rxd7 24. Rxd7+ Kxd7 25. Kd2 Kc7 26. Bd1
Nc5 27. Bc2 h6 28. f4 Nd7 29. Ke3 Kb6 30. Kd4 Nf8 31. g3 1/2-1/2

[Event "Gibtelecom Masters"]
[Site "Gibraltar"]
[Date "2008.01.26"]
[Round "5.95"]
[White "Edvardsen, Ingar"]
[Black "Munz, Jostein"]
[Result "1-0"]
[WhiteElo "1972"]
[BlackElo "1861"]
[PlyCount "73"]
[EventDate "2008.01.22"]

1. e4 Nf6 2. e5 Nd5 3. d4 d6 4. c4 Nb6 5. f4 dxe5 6. fxe5 Nc6 7. Nf3 Bg4 8. Be3
Bxf3 9. gxf3 e6 10. Nc3 Be7 11. Ne2 Nxc4 12. Bf2 Qd7 13. Bg2 O-O-O 14. O-O Nb6
15. a4 a5 16. f4 Nd5 17. Rc1 Ncb4 18. Qb3 g5 19. Qf3 c6 20. fxg5 Bxg5 21. Rc4
Rdf8 22. Ng3 Rhg8 23. Ne4 Be7 24. Rfc1 Nb6 25. Nc5 Qd5 26. Qxd5 N4xd5 27. R4c2
Nf4 28. Bg3 Nxg2 29. Rxg2 Rd8 30. Bf2 Rxg2+ 31. Kxg2 Bxc5 32. Rxc5 Nxa4 33.
Rxa5 Nxb2 34. Ra2 Nd3 35. Be3 Rf8 36. Ra8+ Kd7 37. Rxf8 1-0